Jednotná soustava oborů přípravy mládeže pro dělnická povolání /

Main Author: Zajíček, Zdeněk, 1922-1983
Other Authors: Aulehla, Vladimír, 1964-1989
Language: Czech
Published: Praha : Výzkumný ústav odborného školství, 1978
Edition: 1. vyd.
Series: Publikace Výzkumného ústavu odborného školství. Teoretické studie
Physical Description: 107 s.
Book
Saved in:
LEADER 01175nam a2200277 a 4500
001 000667535
003 CZ BrMZK
005 20070625144437.0
008 030424s1978 xr f cze d
015 |a cnb000417906 
035 |a (OCoLC)6377384 
040 |a BOA001  |b cze  |c BOA001 
100 1 |a Zajíček, Zdeněk,  |d 1922-1983  |7 jz8001461  |4 aut 
245 1 0 |a Jednotná soustava oborů přípravy mládeže pro dělnická povolání /  |c Zdeněk Zajíček, Vladimír Aulehla 
250 |a 1. vyd. 
260 |a Praha :  |b Výzkumný ústav odborného školství,  |c 1978 
300 |a 107 s. 
490 1 |a Publikace Výzkumného ústavu odborného školství. [Řada] T, Teoretické studie 
500 |a Rozmnoženo 
700 1 |a Aulehla, Vladimír,  |d 1964-1989  |7 xx0011475  |4 aut 
830 0 |a Publikace Výzkumného ústavu odborného školství.  |p Teoretické studie 
910 |a BOA001  |b PK-N-0019.618 
964 |a Povolání dělnická - příprava - obory 
990 |a BK 
996 6 |b 3119638482  |c PK-N-0019.618  |l MZK  |r Sklad / do 1 hodiny  |n 1  |w 000667535  |u 000010  |a 1  |e BOA001  |j MZK50  |s P 
996 6 |b BC-90744  |c PK-N-0019.618  |l MZK  |r Sklad / do 1 hodiny  |n 0  |w 000667535  |u 000020  |a 1  |e BOA001  |j MZK50  |s P